Pays ayant les plus grandes réserves d’or - Statistiques

Statistiques générales
  • Ce quiz a été pris 70 fois
  • Le résultat moyen est 14 sur 20
Statistiques - réponses
Réserves d’or (tonnes) Réserves d’or (millions) Réponse % Correct
8,133.46 609,527.85 États-Unis
100%
2,264.32 169,689.52 Chine
97%
2,436.97 182,628.35 France
97%
2,335.85 175,050.59 Russie
95%
281.58 21,101.64 Espagne
93%
3,351.53 251,166.13 Allemagne
90%
310.29 23,253.15 Royaume-Uni
90%
2,451.84 183,742.52 Italie
89%
845.97 63,397.87 Japon
89%
840.76 63,007.20 Inde
87%
382.66 28,677.06 Portugal
82%
227.4 17,041.21 Belgique
74%
612.45 45,897.75 Pays-Bas
70%
584.93 43,834.93 Turquie
69%
377.37 28,280.52 Pologne
66%
279.99 20,982.76 Autriche
46%
234.52 17,574.99 Thaïlande
38%
228.86 17,150.61 Singapour
21%
298.8 22,391.95 Kazakhstan
11%
365.15 27,364.77 Ouzbékistan
7%
Aucun quiz correspondant
Distribution des résultats
% des personnes avec chaque résultat
Percentile par nombre de réponses
Votre historique - résultats
Vous n’avez pas pris ce quiz